| 000 | 00791cam5a220024100 4500 | ||
|---|---|---|---|
| 001 | qce00808564 | ||
| 005 | 20190826102725.0 | ||
| 008 | 720922s1965 wiuab b 000 0 eng | ||
| 010 | _a 65011200 | ||
| 035 | _a(Sirsi) r104946 | ||
| 035 | _a(QCAT)lss00294022 | ||
| 035 | _a(UPRA)qce00808564 | ||
| 040 | _dUPRA | ||
| 050 | 0 |
_aDS811 _b.T72 |
|
| 082 | _a915.2 | ||
| 100 | 1 |
_aTrewartha, Glenn Thomas, 1896- _dTrewartha, Glenn Thomas, 1896- _6A46111.1 |
|
| 245 | 1 | 0 |
_aJapan, a geography / _c[by] Glenn T. Trewartha. |
| 260 |
_aMadison : _bUniversity of Wisconsin Press, _c1965. |
||
| 504 | _aBibliography: p. 631-641. | ||
| 651 | 0 |
_aJapan -- Description and travel. _xJapan -- Description and travel. _6S28943.1 |
|
| 949 |
_aDS811 _wlcc _i-149115 _mMAIN _tBOOK _lON-SHELF |
||
| 004 | 104946 | ||
| 999 |
_c164765 _d164765 |
||